Регионална библиотека "Любен Каравелов" - Русе

Цифрова крепост (Запис номер 111376)

MARC детайли
000 -Лидер
Контролно поле с фиксирана дължина 01386nam a2200349 c 4500
003 - Код на организацията, давaща контролен номер
Контролно поле BLK
005 - Дата и час на последна редакция
Контролно поле 20250630111752.0
008 - Елементи от данни с фиксирана дължина
fixed length control field 180409b bul|||||r ||||||| ||bul||
010 ## - Наследен системен номер
LC control number KNG00116716000
020 ## - Международен стандартен номер на книга ISBN
Международен стандартен номер на книга ISBN 978-954-585-922-9
-- издат.: Бард
040 ## - Източник на каталожния запис
Идентификатор на билиотеката - собственик на записа BLK
041 ## - Код за език
Код за езика на текст/звукозапис или на отделно заглавие Български
Код за езика КДБФ Български
080 ## - УДК
Текстов определител УДК Американска литература (на САЩ)
УДК код - определител по УДК 821.111(73)
УДК определител -312.4
УДК - код + определител 821.111(73)-312.4
100 1# - Редна дума - Автор
Автор Браун, Дан
Авторска отговорност първи автор
R(LIN) 374251
139 ## - Редно поле
Редна дума Браун, Дан
Авторски знак Брат - Б 78
245 10 - Сведения за заглавието
Заглавие Цифрова крепост
Подзаглавни данни Роман
Редно поле (дума) Дан Браун; прев. Иван Василев Златарски.
257 ## - Страна на издаване
Страна на създаване/издаване Съединени американски щати
260 ## - Област на издателските данни
-- София
Име на издателя, разпространителя и проч. Бард
Година на издаване 2004
300 ## - Физическа характеристика
Страници 396 с.
Размери/Мащаб 20 см
380 ## - Жанр
Жанр Худож. лит.
490 1# - СЕРИИ (Колекции)
Име на серия Кралете на трилъра
500 ## - Общи забележки
Забележка Ориг. загл. Digital Fortress / Dan Brown. - Офс. изд.
653 ## - Ключова дума – ненормативна
Ключова дума трилъри
653 ## - Ключова дума – ненормативна
Ключова дума романи
700 1# - Други автори (авторска отговорност)
Лично име Златарски, Иван Василев
Дати, свързани с автора 1948-
Друга информация Преводач от английски език (художествена литература), инженер
9 (RLIN) 242826
852 ## - Местоположение
Форматна сигнатура Цб 222064
856 4# - Електронен адрес и достъп
Електронен формат pdf - файл
Път до файла /url/
856 4# - Електронен адрес и достъп
Електронен формат pdf - файл
Път до файла /url/
942 ## - АРТИКУЛИ
Вид на библиотечния материал Книги
Скрит в OPAC Не
Koha issues (borrowed), all copies 122
944 ## - СЪЗДАВАНЕ И РЕДАКЦИЯ на ЗАПИСА
Създаване/Редакция Създаване
Дата на регистрацията/редакция 23.12.2004
Статус, дата на статуса Минев Младен
Служител, извършил регистрацията/редакцията 30530
944 ## - СЪЗДАВАНЕ И РЕДАКЦИЯ на ЗАПИСА
Създаване/Редакция Редакция
Дата на регистрацията/редакция 11.09.2017
Статус, дата на статуса ф /
Служител, извършил регистрацията/редакцията Людмила_Стоянова
999 ## - СИСТЕМНИ КОНТРОЛНИ НОМЕРА
Koha biblionumber 111376
Koha biblioitemnumber 111376
Наличности
Код за отписване Код за изгубен артикул Източник на класификационната схема Код за повреда Коз за рестрикции Код за отдаване Артикулен № Име на библиотеката - собственик Име на библиотеката, в която се намира в момента Статус (Текущо местоположение) Дата на вписване в системата Местоположение - отдел Цена в лева Инвентарен номер Систематично азбучна сигнатура Баркод Номер на екземпляра Цена в евро Служебна бележка Служебен тип на артикула
  Не е изгубен Universal Decimal Classification Не е повреден без рестрикции заемане за дома 178808 Регионална библиотека "Любен Каравелов" Русе Регионална библиотека "Любен Каравелов" Русе Заемна - подръчен фонд 2004-12-23 Заемна - подръчен фонд 8.99 120000690787 П 820(73)-31/Б 78 120000690787 1 4.60 Дост: Pk Вид: Ф N: 34 Дата: 17.12.2004 Дата инв: 14.02.2018 Бележки инв: П2018 Книги
Изтеглен Не е изгубен Universal Decimal Classification Не е повреден без рестрикции заемане за дома 178809 Регионална библиотека "Любен Каравелов" Русе Регионална библиотека "Любен Каравелов" Русе Заемна - подръчен фонд 2005-05-30 Заемна - подръчен фонд 8.99 120000694532 П 820(73)-31/Б 78 120000694532 2 4.60 Дост: Pk Вид: Ф N: 2 Дата: 30.05.2005 Дата инв: 24.02.2018 Бележки инв: П2018 Книги
  Не е изгубен   Не е повреден без рестрикции ползва се в читалня 178810 Регионална библиотека "Любен Каравелов" Русе Регионална библиотека "Любен Каравелов" Русе Хранилище 2009-07-02 Хранилище 11.99 120000736632 Цб 222064 120000736632 3 6.13 Дост: Dp Вид: Д N: 5 Дата: 21.01.2009 Книги
Изтеглен Не е изгубен   Не е повреден без рестрикции заемане за дома 178811 Регионална библиотека "Любен Каравелов" Русе Регионална библиотека "Любен Каравелов" Русе Заемна - подръчен фонд 2013-04-05 Заемна - подръчен фонд 8.99 120000765524 П 820(73)-31/Б 78 120000765524 4 4.60 Дост: DA Вид: А N: 4 Дата: 05.04.2013 Книги
  Не е изгубен Universal Decimal Classification Не е повреден без рестрикции заемане за дома 178812 Регионална библиотека "Любен Каравелов" Русе Регионална библиотека "Любен Каравелов" Русе Заемна - подръчен фонд 2017-08-19 Заемна - подръчен фонд 11.99 120000814348 П 821-31/Б 78 120000814348 5 6.13 Дост: DA Вид: А N: 33 Дата: 19.08.2017 Книги
Vip Innovations Ltd, Rousse, Bulgaria 2025